书目信息 |
| 题名: |
深入理解OpenCV
|
|
| 作者: | 希尔克罗特 , 埃斯克里瓦 著 ;唐灿 译 | |
| 分册: | ||
| 出版信息: | 北京 机械工业出版社 2020.03 |
|
| 页数: | XII, 236页 | |
| 开本: | 24cm | |
| 丛书名: | 智能系统与技术丛书 | |
| 单 册: | ||
| 中图分类: | TP391.413 | |
| 科图分类: | ||
| 主题词: | 图象处理软件--tu xiang chu li ruan jian--程序设计 | |
| 电子资源: | ||
| ISBN: | 978-7-111-64577-1 | |
| 000 | 01673nam 2200337 450 | |
| 001 | 2060533972 | |
| 005 | 20201104164909.03 | |
| 010 | @a978-7-111-64577-1@dCNY79.00 | |
| 100 | @a20200323d2020 em y0chiy50 ea | |
| 101 | 1 | @achi@ceng@cspa |
| 102 | @aCN@b110000 | |
| 105 | @aa z 000yy | |
| 200 | 1 | @a深入理解OpenCV@Ashen ru li jie OpenCV@e实用计算机视觉项目解析@f(美) 罗伊·希尔克罗特, (西班牙) 大卫·米兰·埃斯克里瓦著@d= Mastering OpenCV 4@fRoy Shilkrot, David Millan Escriva@g唐灿译@zeng |
| 210 | @a北京@c机械工业出版社@d2020.03 | |
| 215 | @aXII, 236页@c图@d24cm | |
| 225 | 2 | @a智能系统与技术丛书@Azhi neng xi tong yu ji shu cong shu |
| 305 | @a据原书第3版译出 | |
| 306 | @a由Packt Publishing授权出版 | |
| 314 | @a罗伊·希尔克罗特, 石溪大学计算机科学的助理教授。大卫·米兰·埃斯克里瓦, ITI的科学研究员, 在IT领域从业超过10年。 | |
| 330 | @a本书针对当前热门的计算机视觉主题, 如人脸及特征点检测、姿态估计, 以及基于深度卷积网络的车牌识别, 展示了从构思到运行的全过程, 并提供了完整的项目代码。新版本加入“为项目找到最佳OpenCV算法”、“避免OpenCV中的常见陷阱”两个章节帮助程序员从成百上千的API中进行需求权衡、设计、技术选型、优化和避免陷阱。 | |
| 410 | 0 | @12001 @a智能系统与技术丛书 |
| 510 | 1 | @aMastering OpenCV 4@zeng |
| 517 | 1 | @a实用计算机视觉项目解析@Ashi yong ji suan ji shi jue xiang mu jie xi |
| 606 | 0 | @a图象处理软件@Atu xiang chu li ruan jian@x程序设计 |
| 610 | 0 | @aOpenCV |
| 690 | @aTP391.413@v5 | |
| 701 | 1 | @a希尔克罗特@Axi er ke luo te@g(Shilkrot, Roy)@4著 |
| 701 | 1 | @a埃斯克里瓦@Aai si ke li wa@g(Escriva, David Millan)@4著 |
| 702 | 0 | @a唐灿@Atang can@4译 |
| 801 | 0 | @aCN@b人天书店@c20200927 |
| 905 | @aZUCC@dTP391.413@eX119 | |
| 深入理解OpenCV:实用计算机视觉项目解析/(美) 罗伊·希尔克罗特, (西班牙) 大卫·米兰·埃斯克里瓦著= Mastering OpenCV 4/Roy Shilkrot, David Millan Escriva/唐灿译.-北京:机械工业出版社,2020.03 |
| XII, 236页:图;24cm.-(智能系统与技术丛书) |
| ISBN 978-7-111-64577-1:CNY79.00 |
| 本书针对当前热门的计算机视觉主题, 如人脸及特征点检测、姿态估计, 以及基于深度卷积网络的车牌识别, 展示了从构思到运行的全过程, 并提供了完整的项目代码。新版本加入“为项目找到最佳OpenCV算法”、“避免OpenCV中的常见陷阱”两个章节帮助程序员从成百上千的API中进行需求权衡、设计、技术选型、优化和避免陷阱。 |
| ● |
| 相关链接 |
|
|
|
正题名:深入理解OpenCV
索取号:TP391.413/X119
 
预约/预借
| 序号 | 登录号 | 条形码 | 馆藏地/架位号 | 状态 | 备注 |
| 1 | 1477605 | 214776054 | 自科库301/301自科库 106排2列2层/ [索取号:TP391.413/X119] | 在馆 | |
| 2 | 1477606 | 214776063 | 自科库301/301自科库 106排2列2层/ [索取号:TP391.413/X119] | 在馆 |